000
00333nam a22001337a 4500
020
_a
978-93-84559-51-9
041
_a
ENG
100
_a
Birdie G.S
245
_a
Textbook Of Estimating And Costing ( Civil Engineering
260
_a
Delhi
_b
Dhanpat Rai Publishing Company
_c
2015
300
_a
1026
650
_a
FS
856
_u
FS ( 8 )
999
_c
876
_d
876